000 00292nam a22001337a 4500
020 _a978-1-84646-362-4
082 _a823
_bMUR/K
100 _aMURRAY, WILLIAM
245 _aKATE AND THE CROCODILE
260 _aUK
_bLADYBIRD
300 _a41
650 _aENGLISH SHORT STORY
_zUK
942 _cBK
999 _c4644
_d4644